| 000 | 01504nam a2200349 a 4500 | ||
|---|---|---|---|
| 001 | ebr10520057 | ||
| 003 | CaPaEBR | ||
| 006 | m u | ||
| 007 | cr cn||||||||| | ||
| 008 | 090316s2009 flua s 001 0 eng d | ||
| 010 | _z 2009010289 | ||
| 020 | _z9781604270105 (hardcover alk. paper) | ||
| 020 | _z1604270101 (hardcover alk. paper) | ||
| 020 | _z9781604276725 (e-book) | ||
| 040 |
_aCaPaEBR _cCaPaEBR |
||
| 035 | _a(OCoLC)719388637 | ||
| 050 | 1 | 4 |
_aTA653 _b.C495 2009eb |
| 082 | 0 | 4 |
_a624.1/7723 _222 |
| 100 | 1 | _aChyu, Jih-Jiang. | |
| 245 | 1 | 0 |
_aElastic beam calculations handbook _h[electronic resource] / _cJih-Jiang Chyu. |
| 260 |
_aFort Lauderdale, Fla. : _bJ. Ross Pub., _cc2009. |
||
| 300 |
_axiii, 320 p. : _bill. |
||
| 500 | _aIncludes index. | ||
| 505 | 0 | _aBasic theory -- Simple beams : an introduction to the general approach -- Continuous beams -- Beams on elastic foundations -- Cantilevers -- Examples of beam formulae : explorations and commentary. | |
| 533 |
_aElectronic reproduction. _bPalo Alto, Calif. : _cebrary, _d2012. _nAvailable via World Wide Web. _nAccess may be limited to ebrary affiliated libraries. |
||
| 650 | 0 | _aElastic analysis (Engineering) | |
| 650 | 0 |
_aGirders _xMathematical models. |
|
| 650 | 0 |
_aEngineering mathematics _vFormulae. |
|
| 655 | 7 |
_aElectronic books. _2local |
|
| 710 | 2 | _aebrary, Inc. | |
| 856 | 4 | 0 |
_uhttp://site.ebrary.com/lib/rucke/Doc?id=10520057 _zAn electronic book accessible through the World Wide Web; click to view |
| 999 |
_c140868 _d140868 |
||